| 000 | 01102nam a2200265 i 4500 | ||
|---|---|---|---|
| 001 | 106859 | ||
| 003 | ES-MaACL | ||
| 005 | 20231222172314.0 | ||
| 007 | t| | ||
| 008 | 070108s1963 sp ||||1| spa d | ||
| 080 | _a7-053.2(083.824) | ||
| 245 | 0 | 0 |
_aArte infantil del Colegio Nuestra Señora Santa María, Madrid _b: [exposición, Sala de la Cacharrería del Ateneo de Madrid, diciembre de 1963] / _c[texto: Carlos Antonio Areán]. |
| 260 |
_aMadrid : _bPublicaciones Españolas, _c1963. |
||
| 300 |
_a[16] p. : _bil. ; _c28 cm. |
||
| 490 | 1 |
_aCuadernos de arte. Colección extraordinaria ; _v23 |
|
| 610 | 2 | 7 |
_aAteneo de Madrid- _vExposiciones- _y1960-1969. _91920 |
| 650 | 1 | 4 |
_aArte infantil- _vExposiciones. _910227 |
| 655 | 7 |
_2tgfbne _9193628 _aCatálogos de exposiciones |
|
| 700 | 1 |
_aAreán, Carlos, _d1921-1996 _922562 |
|
| 710 | 2 |
_aAteneo de Madrid. _bSala de la Cacharrería. _91963 |
|
| 830 | 0 |
_aCuadernos de arte. Colección extraordinaria ; _v23 _9185320 |
|
| 852 |
_aES-MaACL _j2212-F-15 _9110937 _bR.138522 _cDEPOF |
||
| 942 |
_2udc _cFOLLETOS |
||
| 999 |
_c106859 _d106859 |
||